000 00812nam a22002653u 4500
001 drd-5317712
003 0
005 20251217142010.0
007 tu
008 251217b |||||||| |||| 00| 0 ger d
020 _a9781872242453
_9978-1-872242-45-3
040 _aRU-10907106
_bger
_cRU-10907106
041 _aeng
100 1 _aPirani, Simon
_4aut
_eAuthor
_967298
245 1 0 _aVoices against Putins war
_bProtesters defiant speeches in Russian courts
_cSimon Pirani
264 _aLondon
_bResistance Books
_c2025
300 _a192 Seiten
336 _aText
_btxt
_2rdacontent
337 _aohne Hilfsmittel zu benutzen
_bn
_2rdamedia
338 _aBand
_bnc
_2rdacarrier
650 _aProtest
_9891
650 _aProtestreden
_968019
651 _aRussland
942 _cMG
_2z
999 _c72998
_d72998